| 000 | 00352nam a2200133Ia 4500 | ||
|---|---|---|---|
| 008 | 240624s9999 xx 000 0 und d | ||
| 041 | _aeng | ||
| 082 | _a658.5 CLI | ||
| 100 | _aCLIFTON M BRADFORD | ||
| 245 | _aTARGET COSTING MARKET DRIVEN PRODUCT DES | ||
| 260 |
_c2004 _aNew York _bMarcel Dekker |
||
| 300 | _aix, 266 p.; 24 cm. | ||
| 365 |
_cBPS _b30 |
||
| 999 |
_c29824 _d29824 |
||